| 000 | 00656nam a22001937a 4500 | ||
|---|---|---|---|
| 999 |
_c61378 _d61378 |
||
| 005 | 20240226174457.0 | ||
| 008 | 240226s1999 enk||||| |||| 00| 0 eng d | ||
| 020 | _a0631208577 | ||
| 041 | _aeng | ||
| 080 | _a821+27 The-44 | ||
| 245 |
_aThe Bible and Literature: A Reader / _cEditor David Jasper, Stephen Prickett. |
||
| 264 |
_aMalden: _bBlackwell, _c1999. |
||
| 300 |
_a333 p. _b23 cm. |
||
| 653 | _aბიბლია და ლიტერატურა | ||
| 653 | _aრელიგია | ||
| 700 |
_aJasper, David _eრედაქტორი _921302 |
||
| 700 |
_aPrickett, Stephen _eრედაქტორი _921303 |
||
| 942 |
_2udc _cBK |
||